Fax machine marketing strategy of a major player in a changing environment /
Saved in:
| 主要作者: | |
|---|---|
| 格式: | Thesis 圖書 |
| 語言: | English |
| 出版: |
1991.
|
| 主題: | |
| 標簽: |
添加標簽
沒有標簽, 成為第一個標記此記錄!
|
| LEADER | 00965cam a2200277 a 4500 | ||
|---|---|---|---|
| 001 | u148677 | ||
| 003 | SIRSI | ||
| 008 | 920323s1991 si v 00 1 eng m | ||
| 035 | |a AAR-4284 | ||
| 040 | |a UMM | ||
| 043 | |a a-si--- | ||
| 090 | |a HD9696 |b T443S55Wa | ||
| 100 | 1 | 0 | |a Way, Kok Chay. |
| 245 | 1 | 0 | |a Fax machine marketing strategy of a major player in a changing environment / |c by Way Kok Chay. |
| 260 | |c 1991. | ||
| 300 | |a vi, 108 leaves : |b ill. ; |c 30 cm. | ||
| 500 | |a Photocopy. | ||
| 502 | |a Dissertation (M.B.A.) -- National University of Singapore, 1991. | ||
| 504 | |a Bibliography: leaves 106-108. | ||
| 610 | 2 | 0 | |a Telecom Equipment Pte Ltd. |
| 650 | 0 | |a Data transmission equipment industry |z Singapore. | |
| 650 | 0 | |a Facsmile transmission |x Equipment and supplies. | |
| 650 | 0 | |a Market surveys |z Singapore. | |
| 948 | |a 23/03/1992 |b 29/10/2002 | ||
| 596 | |a 1 | ||
| 999 | |a HD9696 T443S55WA |w LC |c 1 |i A011061479 |d 20/3/2000 |l STACKS |m P01UTAMA |n 3 |r Y |s Y |t TESIS |u 2/4/1992 | ||
